| 000 | 02032cam a2200409 a 4500 | ||
|---|---|---|---|
| 001 | 17819892 | ||
| 005 | 20220326193334.0 | ||
| 008 | 130709s2013 sp a b 000 0 spa d | ||
| 010 | _a 2013434450 | ||
| 020 | _a9788415832638 : | ||
| 020 | _a841583263X | ||
| 035 | _a(OCoLC)ocn867680728 | ||
| 040 |
_aItFiC _beng _cMZA _dDLC |
||
| 042 | _alccopycat | ||
| 082 |
_a707 _bF954-l |
||
| 100 | 1 |
_aFuentes Guaza, Luisa. _93646 |
|
| 245 | 1 | 0 |
_aLenguajes contemporáneos desde Centro América = _bContemporary languages from Centro América / _cLuisa Fuentes Guaza. |
| 246 | 3 | 1 | _aContemporary languages from Centro América |
| 260 |
_aMadrid : _bTurner, _c[2013] |
||
| 300 |
_a387 p. : _bill. (col.) ; _c22 cm. |
||
| 504 | _aIncludes bibliographical references (p. 386-387). | ||
| 505 |
_tNueva ciudadanía: el espacio púbico como parlamento = New citizenship: Public Space as Parliament. _tDe los tlamaltinime a Catarata: geometría para iniciados = From Tlamaltinime to Waterfall: Geometry for Initiates _tDesactivación de utopías: desinventando la posmodernidad = Defusing Utopias: Disinventing the Postmodernity _tEconomía de la amistad = Economy of Friendship _tIdentidad líquida: resolviendo el poliedro = Liquid Identity: Figuring out the Polyhedron _tAcupuntura sobre el tejido artístico como dispositivo de apertura = Acupunture on the artistic tissue as an opening device. |
||
| 546 | _aText in Spanish and English. | ||
| 650 | 0 |
_aArt, Central American _y21st century. _93647 |
|
| 650 | 0 |
_aArte Moderno _ySiglo 21 _93648 |
|
| 650 | 0 |
_aArte Centro América _93649 |
|
| 700 |
_aCazali, Rosina _91164 |
||
| 700 |
_aValdés, Emiliano _93650 |
||
| 700 |
_aZamora, Alicia _93651 |
||
| 700 |
_aVallecillo, Adán _91812 |
||
| 700 |
_aChévez, Dalia _93652 |
||
| 700 |
_aBenchoam, Stefan _93653 |
||
| 856 | 4 | 2 |
_uhttp://www.ilibri.casalini.it/toc/60766488.pdf _zTable of contents |
| 906 |
_a7 _bcbc _ccopycat _d2 _encip _f20 _gy-gencatlg |
||
| 999 |
_c746 _d746 |
||